000
002500000a22000970004500
100
1
_a
Carter, Mike
245
1
0
_a
Socios en la producción de plantas : Rizobia y Micorrizae
300
_a
Núm 7 (1991), Páginas 12
773
0
_t
Paso a paso
942
_c
ANA
999
_c
52099
_d
52099